Central-Library-PUMHS

Online Public Access Catalogue

Welcome to PUMHS Central Library Nawabshah, SBA

Practical Evidence based physiotherapy (Record no. 37741)

000 -LEADER
fixed length control field 00284nam a22001337a 4500
082 ## - DEWEY DECIMAL CLASSIFICATION NUMBER
Classification number 615.82 ROB
100 ## - MAIN ENTRY--AUTHOR NAME
Personal name Herbert Rob
245 ## - TITLE STATEMENT
Title Practical Evidence based physiotherapy
250 ## - EDITION STATEMENT
Edition statement 3rd Edition
260 ## - PUBLICATION, DISTRIBUTION, ETC. (IMPRINT)
Year of publication 2022
300 ## - PHYSICAL DESCRIPTION
Number of Pages 166
650 ## - SUBJECT ADDED ENTRY--TOPICAL TERM
Topical Term Physiotherapy
942 ## - ADDED ENTRY ELEMENTS (KOHA)
Koha item type Books
Holdings
Withdrawn status Lost status Permanent Location Current Location Shelving location Date acquired Source of acquisition Cost, normal purchase price Full call number Accession Number Koha item type
    Central Library New Campus PUMHS Nawabshah,(SBA) Central Library New Campus PUMHS Nawabshah,(SBA) Physiotherapy 2026-02-25 M/S Allied Bill No A 25060066 Date14/6/2025 12680.23 615.82 ROB 40902 Ref Books
    Central Library New Campus PUMHS Nawabshah,(SBA) Central Library New Campus PUMHS Nawabshah,(SBA) Physiotherapy 2026-02-25 M/S Allied Bill No A 25060066 Date14/6/2025 12680.23 615.82 ROB 40903 Ref Books

Copyright © 2018,The PUMHSW, Nawabshah, Shaheed Benazirabad. All rights reserved
Mr. Abdul Sattar Mahar (Chief Librarian) PUMHSW, Nawabshah, Sindh, Pakistan 67480.
Ph#: | 0244-9370425 Ext. 2241 Email| librarian@pumhs.edu.pk Web| http://www.pumhs.edu.pk
سنڌي ڪي بورڊ